00945nam a22002777a 4500999001500000001000600015003000900021005001700030008004100047020001800088020001800106040002800124082002000152100002600172245008200198250001200280260004600292300004600338504005100384650003000435650002600465650002800491650001900519942001200538952011700550 c5186d518611878BD-DhUAP20201202154916.0201202s2004 ne a b 001 0 eng  a9780126437324 a9788181474506 aDLCcDLCdBD-DhUAPbEng00223a615.19 SIL 1 aSilverman, Richard B.14aThe organic chemistry of drug design and drug action /cRichard B. Silverman. a2nd ed. aCali. :bElsevier Academic Press,cc2004. axix, 617 pages :billustrations ;c25 cm. aIncludes bibliographical references and index. 0aPharmaceutical chemistry. 0aBioorganic chemistry. 0aMolecular pharmacology. 0aDrugsxDesign. 2ddccBK 00102ddc4070aUAPCLbUAPCLcGeneral Stacksd2020-12-02o615.19 SILp3010011878r2020-12-02t1w2020-12-02yBK